00941nam a2200193 i 4500001000700000003000900007005001700016008004100033020001800074100002800092245012800120260004500248300009200293505019500385650004600580650005200626700004800678852002100726189773ES-MaACL20251005063142.0191118s1989 sp af |||| | spa d a84-87447-00-71 aMerino, Daniel, d1941-10aMadrid, castillos y plazas fuertes / c[textos, María Isabel Pérez de Tudela y Velasco ; ilustraciones, Daniel Merino]. aAlicante : bRembrandt Editions, c1989. a1 carpeta ([5] h. de lám. col. pleg., [10] p., [5] h. de lám. col.) ; c46 x 35 cm.8 aContiene: ; tEl castillo de Calatalifa ; tEl castillo de Casasola ; tEl castillo de Odón ; tEl castillo de la Alameda ; tLa fortaleza de Chinchón ; t[Alcalá de Henares: 1 lám.]04aCastillos-zMadrid (Comunidad Autónoma) 4aFortificaciones-zMadrid (Comunidad Autónoma)1 aPérez de Tudela y Velasco, María Isabel aES-MaACLjGF-100